000 01733nam0a2200313 4500
001 RU\NLR\bibl\401266
005 20250622164057.0
035 _a(NLR Aleph) 000395435
090 _a541977
_c541977
100 _a20030522d2002 |||y0rusy50 ca
101 0 _arus
102 _aRU
105 _aa |||||||||
200 1 _aСеменной и сортовой контроль картофеля
_eУчеб. пособие для студентов вузов
_fШабина И.С., Санкина Е.М.
_gМ-во сел. хоз-ва и продовольствия Рос. Федерации, Нижегор. гос. с.-х. акад.
210 _aН.Новгород
_cНГСХА
_d2002
215 _a100 с.
_cил.
_d21
606 0 _aКартофель
_jРуководства, пособия и т.п.
_xСортоиспытание
_92186112
_3RU\NLR\auth\661314362
606 0 _aКартофель
_jУчебные издания для высших учебных заведений
_xСортоиспытание
_92186112
_3RU\NLR\auth\661314362
606 0 _aКартофель
_jРуководства, пособия и т.п.
_xСеменные качества
_92288963
_3RU\NLR\auth\661370955
606 0 _aКартофель
_jУчебные издания для высших учебных заведений
_xСеменные качества
_92288963
_3RU\NLR\auth\661370955
686 _aП215.1-364я73
700 1 _aШабина
_bИ. С.
_gИрина Сергеевна
_4070
701 1 _aСанкина
_bЕ. М.
_gЕкатерина Михайловна
_4070
801 0 _aRU
_bNLR
_c20030522
_gPSBO
801 1 _aRU
_bNLR
_c20030522
830 _aАвт. по кн.
942 _cBOOK
980 _aNB